00697nam a2200241 a 4500001001300000003000900013005001700022008004100039020002300080082001600103100001900119245004400138260003400182300000900216500003500225505001000260650001700270700001900287902000800306942000700314952011700321999001700438nice12345678IN_TiNIC20260116014210.0050524s2003 dela grp 000 0 eng  a8176258 c30000a304.66bAHM aAhmad, Shakeel aMuslim Attitude Towards Family Planning aDelhi bSarup and Sons c2003 a133p aincludes index and biblioraphy2 aIndex aFamily-Islam1 aAhmad, Shakeel bSRS cBK 001040708StackRoom-aHMIbHMId2007-07-04g300.00l0o304.66 AHMp020513r2007-07-04v300.00w2005-05-24yBK c14292d14292